000 00762cam a2200217 4500500
005 20260329005558.0
041 _afre
042 _adc
100 1 0 _ade Oliveira, Victorine
_eauthor
245 0 0 _aFrédéric Gros : “Pour Foucault, c’est l’État qui institue les individus, et non plus les individus qui renoncent à leur liberté pour instituer l’État”
260 _c2024.
500 _a13
690 _aBiopouvoir
690 _aÉtat
690 _aGouvernement
690 _aIndividu
690 _aMichel Foucault
690 _aPouvoir
786 0 _nPhilosophie magazine | 177 | 3 | 2024-03-01 | p. 47-47 | 1951-1787
856 4 1 _uhttps://shs.cairn.info/magazine-philosophie-magazine-2024-3-page-47?lang=fr&redirect-ssocas=7080
999 _c1844685
_d1844685